| 000 | 00403cam a2200169ua 4500 | ||
|---|---|---|---|
| 020 | _c3.00 | ||
| 041 |
_ahin _h |
||
| 082 |
_a891.54 _bHAR/KE |
||
| 100 | _aHarikrishanan, Premi . | ||
| 245 |
_aKeerthi sthamb / _cPremi Harikrishnan. _hTextual Documents |
||
| 260 |
_a : _bRajpal and Sanch , _c1963. |
||
| 300 | _a169 ; . | ||
| 365 | _a3.00 | ||
| 504 | _a | ||
| 942 | _cBK | ||
| 999 |
_c8085 _d8085 |
||